000 00500nam a2200169 i 4500
001 40392
003 ES-MaACL
005 20250522063043.0
007 t|
008 030306s1970 sp ||||1| spa d
100 1 _aCarnicer, Ramón,
_d1912-2007
_935377
245 1 0 _aNueva York
_b: nivel de vida, nivel de muerte /
_cRamón Carnicer.
260 _aBarcelona :
_bTáber,
_c[1970]
300 _a294 p., 4 lám. ;
_c21 cm.
852 _aES-MaACL
_jC-38961
_bR.73642
999 _c40392
_d40392